[Event "8th Vellmar Chess Days"]
[Site "chess24.com"]
[Date "2016.07.31"]
[Round "7"]
[White "Koenig, Friedrich Theodor"]
[Black "Schnegelsberg, Karl-Heinz"]
[Result "0-1"]
[Board "27"]
[WhiteElo "1805"]
[WhiteCountry "GER"]
[WhiteFideId "12956600"]
[WhiteEloChange "-5"]
[BlackElo "1990"]
[BlackCountry "GER"]
[BlackFideId "4653335"]
[BlackEloChange "5"]

1. d4 {[%clk 1:30:58]} Nf6 {[%clk 1:30:51]} 2. c4 {[%clk 1:31:09]} g6 {[%clk
1:31:13]} 3. Nc3 {[%clk 1:31:36]} d5 {[%clk 1:31:33]} 4. cxd5 {[%clk 1:31:55]}
Nxd5 {[%clk 1:32:00]} 5. e4 {[%clk 1:32:22]} Nxc3 {[%clk 1:32:00]} 6. bxc3 {[%clk
1:32:22]} Bg7 {[%clk 1:32:35]} 7. Bc4 {[%clk 1:33:13]} c5 {[%clk 1:32:46]} 8. Ne2
{[%clk 1:33:33]} Nc6 {[%clk 1:32:57]} 9. Be3 {[%clk 1:33:33]} O-O {[%clk
1:33:13]} 10. O-O {[%clk 1:33:18]} Bd7 {[%clk 1:33:36]} 11. Rb1 {[%clk 1:22:49]}
Qc7 {[%clk 1:32:48]} 12. f3 {[%clk 1:02:44]} Rad8 {[%clk 1:31:19]} 13. Bd3 {[%clk
0:59:26]} Bc8 {[%clk 1:31:06]} 14. d5 {[%clk 0:44:34]} Ne5 {[%clk 1:28:28]} 15.
c4 {[%clk 0:45:01]} f5 {[%clk 1:22:10]} 16. Qc2 {[%clk 0:40:23]} Rd6 {[%clk
1:11:34]} 17. Nc3 {[%clk 0:37:09]} a6 {[%clk 1:09:12]} 18. Bf4 {[%clk 0:35:07]}
fxe4 {[%clk 0:53:20]} 19. fxe4 {[%clk 0:34:03]} Rdf6 {[%clk 0:50:27]} 20. Bg3
{[%clk 0:23:07]} Qa5 {[%clk 0:44:36]} 21. Rxf6 {[%clk 0:21:17]} Bxf6 {[%clk
0:44:28]} 22. Ne2 {[%clk 0:20:35]} Nxd3 {[%clk 0:39:25]} 23. Qxd3 {[%clk
0:20:15]} Qxa2 {[%clk 0:39:05]} 24. Rf1 {[%clk 0:18:42]} Bg4 {[%clk 0:34:42]} 25.
Re1 {[%clk 0:17:28]} Bxe2 {[%clk 0:33:29]} 0-1

[Event "8th Vellmar Chess Days"]
[Site "chess24.com"]
[Date "2016.07.31"]
[Round "7"]
[White "Held, Carsten, Dr."]
[Black "Hufendiek, Ekkehard"]
[Result "1-0"]
[Board "28"]
[WhiteElo "1989"]
[WhiteCountry "GER"]
[WhiteFideId "1271741"]
[WhiteEloChange "8"]
[BlackElo "1914"]
[BlackCountry "GER"]
[BlackFideId "4650190"]
[BlackEloChange "-8"]

1. Nf3 {[%clk 1:30:57]} e6 {[%clk 1:26:58]} 2. c4 {[%clk 1:31:12]} Nf6 {[%clk
1:27:08]} 3. g3 {[%clk 1:31:37]} b6 {[%clk 1:27:18]} 4. Bg2 {[%clk 1:32:02]} Bb7
{[%clk 1:27:34]} 5. Nc3 {[%clk 1:29:31]} Bb4 {[%clk 1:23:09]} 6. O-O {[%clk
1:27:59]} O-O {[%clk 1:22:46]} 7. Qc2 {[%clk 1:26:15]} Re8 {[%clk 1:18:44]} 8. a3
{[%clk 1:25:25]} Bf8 {[%clk 1:18:14]} 9. d3 {[%clk 1:06:59]} h6 {[%clk 1:17:23]}
10. b4 {[%clk 1:04:32]} e5 {[%clk 1:11:56]} 11. e4 {[%clk 1:03:53]} c6 {[%clk
1:06:48]} 12. Re1 {[%clk 1:00:45]} Qc7 {[%clk 0:59:40]} 13. h3 {[%clk 0:59:14]}
d5 {[%clk 0:56:18]} 14. exd5 {[%clk 0:57:51]} cxd5 {[%clk 0:56:33]} 15. Nb5
{[%clk 0:57:05]} Qc8 {[%clk 0:54:04]} 16. Rxe5 {[%clk 0:54:53]} Rxe5 {[%clk
0:44:16]} 17. Nxe5 {[%clk 0:55:20]} a6 {[%clk 0:43:23]} 18. Nd4 {[%clk 0:49:27]}
Nbd7 {[%clk 0:39:59]} 19. Nef3 {[%clk 0:49:05]} a5 {[%clk 0:34:46]} 20. Rb1
{[%clk 0:48:52]} dxc4 {[%clk 0:32:29]} 21. Qxc4 {[%clk 0:28:13]} axb4 {[%clk
0:27:32]} 22. axb4 {[%clk 0:20:41]} Qxc4 {[%clk 0:02:06]} 23. dxc4 {[%clk
0:21:09]} Ra4 {[%clk 0:01:36]} 24. Bd2 {[%clk 0:19:36]} Ne4 {[%clk 0:00:53]} 25.
Be1 {[%clk 0:20:05]} Nd6 {[%clk 0:00:56]} 26. Bf1 {[%clk 0:12:16]} Nf6 {[%clk
0:00:52]} 27. c5 {[%clk 0:11:30]} Nc8 {[%clk 0:00:39]} 28. c6 {[%clk 0:09:40]}
Ba8 {[%clk 0:01:08]} 29. b5 {[%clk 0:06:46]} Nd5 {[%clk 0:00:47]} 30. Rd1 {[%clk
0:05:50]} Nd6 {[%clk 0:00:35]} 31. Ne5 {[%clk 0:05:43]} Nc7 {[%clk 0:00:52]} 32.
Nd7 {[%clk 0:05:55]} Ra2 {[%clk 0:00:49]} 33. Nxb6 {[%clk 0:05:18]} Ndxb5 {[%clk
0:01:04]} 34. Nxb5 {[%clk 0:05:05]} Rb2 {[%clk 0:01:14]} 35. Nxa8 {[%clk
0:04:40]} Nxb5 {[%clk 0:00:51]} 36. Bxb5 {[%clk 0:04:28]} Rxb5 {[%clk 0:01:16]}
37. Rd8 {[%clk 0:04:37]} 1-0

[Event "8th Vellmar Chess Days"]
[Site "chess24.com"]
[Date "2016.07.31"]
[Round "7"]
[White "Amrhein, Thorsten"]
[Black "Wuestehube, Harry"]
[Result "1-0"]
[Board "30"]
[WhiteElo "1976"]
[WhiteCountry "GER"]
[WhiteFideId "24655384"]
[WhiteEloChange "8"]
[BlackElo "1888"]
[BlackCountry "GER"]
[BlackFideId "24614084"]
[BlackEloChange "-8"]

1. e4 {[%clk 1:30:47]} d6 {[%clk 1:30:51]} 2. d4 {[%clk 1:30:51]} Nf6 {[%clk
1:31:15]} 3. Nc3 {[%clk 1:30:58]} g6 {[%clk 1:31:39]} 4. Be2 {[%clk 1:30:47]} Bg7
{[%clk 1:31:11]} 5. Be3 {[%clk 1:30:59]} c6 {[%clk 1:29:42]} 6. h3 {[%clk
1:31:08]} a6 {[%clk 1:24:52]} 7. Nf3 {[%clk 1:26:32]} b5 {[%clk 1:21:17]} 8. a3
{[%clk 1:25:17]} Nbd7 {[%clk 1:18:01]} 9. e5 {[%clk 1:18:59]} Nd5 {[%clk
1:16:37]} 10. Nxd5 {[%clk 1:17:04]} cxd5 {[%clk 1:16:35]} 11. exd6 {[%clk
1:16:01]} exd6 {[%clk 1:16:56]} 12. O-O {[%clk 1:12:42]} Nb6 {[%clk 1:10:36]} 13.
b3 {[%clk 1:10:58]} O-O {[%clk 1:10:04]} 14. Qd2 {[%clk 1:08:56]} Qc7 {[%clk
1:05:43]} 15. Bd3 {[%clk 1:04:40]} Bd7 {[%clk 0:58:37]} 16. Bh6 {[%clk 1:02:29]}
Rae8 {[%clk 0:57:53]} 17. Qf4 {[%clk 0:59:25]} Bc6 {[%clk 0:57:16]} 18. Qh4
{[%clk 0:58:13]} Nd7 {[%clk 0:52:25]} 19. Ng5 {[%clk 0:50:57]} Nf6 {[%clk
0:51:18]} 20. f4 {[%clk 0:47:41]} Nh5 {[%clk 0:38:42]} 21. Bxg7 {[%clk 0:45:06]}
Kxg7 {[%clk 0:38:58]} 22. Nxh7 {[%clk 0:42:23]} Rh8 {[%clk 0:36:34]} 23. Ng5
{[%clk 0:42:12]} Nf6 {[%clk 0:35:27]} 24. Qg3 {[%clk 0:41:46]} Ne4 {[%clk
0:33:48]} 25. Bxe4 {[%clk 0:36:07]} dxe4 {[%clk 0:33:59]} 26. f5 {[%clk 0:36:09]}
Rh6 {[%clk 0:29:47]} 27. Qf4 {[%clk 0:26:12]} Bd5 {[%clk 0:24:30]} 28. f6+ {[%clk
0:23:39]} Kg8 {[%clk 0:22:48]} 29. Ne6 {[%clk 0:23:34]} 1-0

[Event "8th Vellmar Chess Days"]
[Site "chess24.com"]
[Date "2016.07.31"]
[Round "7"]
[White "Hering, Sven"]
[Black "Hommer, Jeremy"]
[Result "0-1"]
[Board "31"]
[WhiteElo "1968"]
[WhiteCountry "GER"]
[WhiteFideId "24605727"]
[WhiteEloChange "-14"]
[BlackElo "1813"]
[BlackCountry "GER"]
[BlackFideId "12992577"]
[BlackEloChange "14"]

1. e4 {[%clk 1:30:45]} c6 {[%clk 1:30:35]} 2. Nc3 {[%clk 1:30:57]} d5 {[%clk
1:30:58]} 3. Nf3 {[%clk 1:31:18]} dxe4 {[%clk 1:31:20]} 4. Nxe4 {[%clk 1:31:37]}
Nf6 {[%clk 1:31:46]} 5. Nxf6+ {[%clk 1:27:46]} exf6 {[%clk 1:32:06]} 6. d4 {[%clk
1:25:39]} Bd6 {[%clk 1:32:29]} 7. Bd3 {[%clk 1:24:33]} O-O {[%clk 1:32:29]} 8.
Be3 {[%clk 1:19:50]} Re8 {[%clk 1:31:53]} 9. Qd2 {[%clk 1:16:49]} Be6 {[%clk
1:29:17]} 10. h3 {[%clk 1:12:08]} Nd7 {[%clk 1:28:27]} 11. c4 {[%clk 1:12:04]}
Qe7 {[%clk 1:24:00]} 12. O-O {[%clk 1:11:19]} Rad8 {[%clk 1:24:07]} 13. a3 {[%clk
1:09:35]} Nf8 {[%clk 1:18:23]} 14. Rfe1 {[%clk 0:54:21]} Ng6 {[%clk 1:13:56]} 15.
d5 {[%clk 0:48:01]} cxd5 {[%clk 1:13:05]} 16. cxd5 {[%clk 0:48:22]} Bxd5 {[%clk
1:13:03]} 17. Bb6 {[%clk 0:46:54]} Qd7 {[%clk 1:12:28]} 18. Bxd8 {[%clk 0:47:00]}
Rxd8 {[%clk 1:12:17]} 19. Bxg6 {[%clk 0:41:58]} hxg6 {[%clk 1:12:38]} 20. Qe3
{[%clk 0:39:52]} Bc6 {[%clk 1:06:41]} 21. Rad1 {[%clk 0:31:47]} Qc7 {[%clk
1:03:44]} 22. Nd4 {[%clk 0:31:23]} Ba4 {[%clk 0:46:36]} 23. Rc1 {[%clk 0:31:30]}
Qb8 {[%clk 0:39:03]} 24. Rc4 {[%clk 0:31:05]} Bd7 {[%clk 0:34:46]} 25. b4 {[%clk
0:25:47]} b5 {[%clk 0:33:38]} 26. Rc2 {[%clk 0:24:15]} Bf4 {[%clk 0:33:17]} 27.
Qf3 {[%clk 0:23:36]} Qd6 {[%clk 0:32:00]} 28. Rd1 {[%clk 0:20:10]} Bf5 {[%clk
0:26:15]} 29. Rc6 {[%clk 0:20:27]} Qd5 {[%clk 0:26:12]} 30. Qxf4 {[%clk 0:20:45]}
0-1

[Event "8th Vellmar Chess Days"]
[Site "chess24.com"]
[Date "2016.07.31"]
[Round "7"]
[White "Wolffgang, Georg"]
[Black "Schellen, Sven"]
[Result "0-1"]
[Board "32"]
[WhiteElo "1951"]
[WhiteCountry "GER"]
[WhiteFideId "12904554"]
[WhiteEloChange "-14"]
[BlackElo "1801"]
[BlackCountry "GER"]
[BlackFideId "24674885"]
[BlackEloChange "14"]

1. f4 {[%clk 1:30:56]} e5 {[%clk 1:27:33]} 2. fxe5 {[%clk 1:31:20]} d6 {[%clk
1:27:59]} 3. Nf3 {[%clk 1:31:37]} Nc6 {[%clk 1:28:11]} 4. e4 {[%clk 1:31:15]}
Nxe5 {[%clk 1:27:29]} 5. d4 {[%clk 1:31:12]} Nxf3+ {[%clk 1:27:21]} 6. Qxf3
{[%clk 1:31:39]} Qh4+ {[%clk 1:23:38]} 7. g3 {[%clk 1:31:59]} Qg4 {[%clk
1:21:52]} 8. Qd3 {[%clk 1:26:42]} Nf6 {[%clk 1:21:08]} 9. Nc3 {[%clk 1:26:28]}
Bd7 {[%clk 1:20:29]} 10. Bf4 {[%clk 1:21:40]} O-O-O {[%clk 1:19:54]} 11. h3
{[%clk 1:17:29]} Qg6 {[%clk 1:20:19]} 12. Bd2 {[%clk 1:13:51]} Re8 {[%clk
1:17:09]} 13. Bg2 {[%clk 1:08:26]} Nxe4 {[%clk 1:13:10]} 14. Nxe4 {[%clk
1:07:57]} f5 {[%clk 1:10:07]} 15. d5 {[%clk 1:07:34]} fxe4 {[%clk 1:09:03]} 16.
Qe3 {[%clk 1:07:46]} Kb8 {[%clk 1:07:44]} 17. O-O-O {[%clk 1:08:08]} c6 {[%clk
1:02:53]} 18. c4 {[%clk 1:05:21]} cxd5 {[%clk 0:52:16]} 19. cxd5 {[%clk 1:05:50]}
Bb5 {[%clk 0:50:43]} 20. Rhe1 {[%clk 1:03:29]} Bd3 {[%clk 0:49:56]} 21. Bc3
{[%clk 1:02:57]} Be7 {[%clk 0:49:44]} 22. h4 {[%clk 1:02:53]} Bd8 {[%clk
0:46:44]} 23. Bd4 {[%clk 0:54:44]} Bb6 {[%clk 0:47:02]} 24. Bxb6 {[%clk 0:54:33]}
Rc8+ {[%clk 0:47:26]} 25. Bc5 {[%clk 0:53:43]} Rxc5+ {[%clk 0:47:51]} 26. Kd2
{[%clk 0:53:16]} Rc2# {[%clk 0:48:00]} 0-1

[Event "8th Vellmar Chess Days"]
[Site "chess24.com"]
[Date "2016.07.31"]
[Round "7"]
[White "Bethke, Richard"]
[Black "Schirra, Maurice"]
[Result "1-0"]
[Board "33"]
[WhiteElo "1800"]
[WhiteCountry "GER"]
[WhiteFideId "12959243"]
[WhiteEloChange "14"]
[BlackElo "1947"]
[BlackCountry "GER"]
[BlackFideId "12941115"]
[BlackEloChange "-14"]

1. e4 {[%clk 1:30:56]} e5 {[%clk 1:28:41]} 2. Bc4 {[%clk 1:30:58]} Nf6 {[%clk
1:28:30]} 3. d3 {[%clk 1:31:16]} c6 {[%clk 1:28:44]} 4. Nf3 {[%clk 1:31:30]} d5
{[%clk 1:28:29]} 5. Bb3 {[%clk 1:31:38]} Bd6 {[%clk 1:14:12]} 6. Nc3 {[%clk
1:31:51]} d4 {[%clk 1:13:02]} 7. Ne2 {[%clk 1:32:06]} h6 {[%clk 1:12:17]} 8. Ng3
{[%clk 1:31:39]} a5 {[%clk 1:08:08]} 9. a3 {[%clk 1:31:21]} a4 {[%clk 1:05:33]}
10. Ba2 {[%clk 1:31:43]} b5 {[%clk 1:04:16]} 11. h3 {[%clk 1:31:38]} Na6 {[%clk
1:01:22]} 12. Nh4 {[%clk 1:31:42]} g6 {[%clk 1:01:10]} 13. O-O {[%clk 1:31:28]}
Ng8 {[%clk 0:55:15]} 14. Nf3 {[%clk 1:30:15]} g5 {[%clk 0:54:15]} 15. Nh2 {[%clk
1:27:32]} Nf6 {[%clk 0:48:13]} 16. Qf3 {[%clk 1:25:36]} Qe7 {[%clk 0:44:12]} 17.
Ng4 {[%clk 1:25:22]} Nxg4 {[%clk 0:43:18]} 18. hxg4 {[%clk 1:25:44]} f6 {[%clk
0:37:38]} 19. Nf5 {[%clk 1:23:19]} Qf8 {[%clk 0:29:56]} 20. c3 {[%clk 1:20:51]}
c5 {[%clk 0:26:18]} 21. Bd5 {[%clk 1:20:49]} Rb8 {[%clk 0:24:59]} 22. cxd4 {[%clk
1:20:11]} cxd4 {[%clk 0:25:15]} 23. Bd2 {[%clk 1:20:10]} Bb7 {[%clk 0:23:57]} 24.
Be6 {[%clk 1:20:32]} Bc5 {[%clk 0:18:51]} 25. Qh3 {[%clk 1:19:04]} Bc8 {[%clk
0:15:56]} 26. Qh5+ {[%clk 1:19:25]} Kd8 {[%clk 0:16:22]} 27. Ba5+ {[%clk
1:19:18]} Bb6 {[%clk 0:16:38]} 28. Bxc8 {[%clk 1:18:39]} Kxc8 {[%clk 0:16:50]}
29. Rac1+ {[%clk 1:18:49]} Kd7 {[%clk 0:17:12]} 30. Bd2 {[%clk 1:17:33]} Rh7
{[%clk 0:13:18]} 31. Qg6 {[%clk 1:16:10]} Qf7 {[%clk 0:13:18]} 32. Qxf7+ {[%clk
1:16:13]} Rxf7 {[%clk 0:13:46]} 33. Nxh6 {[%clk 1:16:24]} Rh7 {[%clk 0:14:08]}
34. Nf5 {[%clk 1:16:40]} Nc5 {[%clk 0:14:31]} 35. Rcd1 {[%clk 1:04:23]} Nxd3
{[%clk 0:11:40]} 36. Bxg5 {[%clk 1:02:45]} Nxf2 {[%clk 0:10:24]} 37. Rxf2 {[%clk
1:01:53]} fxg5 {[%clk 0:10:32]} 38. Kf1 {[%clk 0:59:38]} Rf7 {[%clk 0:05:17]} 39.
Rc2 {[%clk 0:58:17]} Rb7 {[%clk 0:05:27]} 40. Rdc1 {[%clk 0:58:17]} 1-0

[Event "8th Vellmar Chess Days"]
[Site "chess24.com"]
[Date "2016.07.31"]
[Round "7"]
[White "Baumann, Marcel"]
[Black "Phunhon Lopez, Daniel Alejandro"]
[Result "1-0"]
[Board "35"]
[WhiteElo "1831"]
[WhiteCountry "GER"]
[WhiteFideId "12974668"]
[WhiteEloChange "14"]
[BlackElo "1958"]
[BlackCountry "GER"]
[BlackFideId "12952567"]
[BlackEloChange "-14"]

1. d4 {[%clk 1:30:58]} c5 {[%clk 1:31:00]} 2. d5 {[%clk 1:30:51]} d6 {[%clk
1:31:13]} 3. c4 {[%clk 1:31:00]} Nf6 {[%clk 1:31:33]} 4. Nc3 {[%clk 1:31:11]} g6
{[%clk 1:31:58]} 5. e4 {[%clk 1:31:06]} Bg7 {[%clk 1:32:23]} 6. Bd3 {[%clk
1:31:30]} Na6 {[%clk 1:32:12]} 7. Nge2 {[%clk 1:31:16]} Bd7 {[%clk 1:32:09]} 8.
O-O {[%clk 1:31:15]} Nc7 {[%clk 1:32:28]} 9. h3 {[%clk 1:26:41]} a6 {[%clk
1:32:52]} 10. a4 {[%clk 1:25:58]} b6 {[%clk 1:33:16]} 11. Ng3 {[%clk 1:25:43]}
Rb8 {[%clk 1:33:15]} 12. Bd2 {[%clk 1:17:20]} O-O {[%clk 1:33:35]} 13. Qc1 {[%clk
1:12:59]} b5 {[%clk 1:33:16]} 14. axb5 {[%clk 1:12:29]} axb5 {[%clk 1:33:42]} 15.
b3 {[%clk 1:12:26]} Re8 {[%clk 1:33:58]} 16. Bh6 {[%clk 1:11:18]} Bh8 {[%clk
1:34:13]} 17. f4 {[%clk 1:10:43]} bxc4 {[%clk 1:29:03]} 18. bxc4 {[%clk 1:09:41]}
Qc8 {[%clk 1:28:33]} 19. e5 {[%clk 1:09:11]} Nh5 {[%clk 1:25:54]} 20. Nxh5 {[%clk
1:08:58]} gxh5 {[%clk 1:26:11]} 21. f5 {[%clk 1:08:49]} Bxe5 {[%clk 1:24:33]} 22.
Qg5+ {[%clk 0:59:23]} Kh8 {[%clk 1:25:02]} 23. f6 {[%clk 0:56:40]} Bxf6 {[%clk
1:14:29]} 24. Rxf6 {[%clk 0:56:49]} Rg8 {[%clk 1:12:48]} 25. Qxh5 {[%clk
0:56:50]} exf6 {[%clk 1:10:27]} 26. Qxf7 {[%clk 0:57:10]} Rxg2+ {[%clk 1:04:42]}
27. Kxg2 {[%clk 0:57:29]} Qg8+ {[%clk 1:02:33]} 28. Qxg8+ {[%clk 0:57:54]} Kxg8
{[%clk 1:00:47]} 29. Rb1 {[%clk 0:52:36]} Rxb1 {[%clk 0:52:35]} 30. Bxb1 {[%clk
0:52:02]} Ne8 {[%clk 0:37:57]} 31. Nb5 {[%clk 0:51:54]} Kf7 {[%clk 0:36:37]} 32.
Kg3 {[%clk 0:50:11]} Ke7 {[%clk 0:34:11]} 33. h4 {[%clk 0:48:51]} f5 {[%clk
0:34:23]} 34. Bd3 {[%clk 0:46:49]} Kf6 {[%clk 0:33:54]} 35. Bf4 {[%clk 0:46:16]}
Ke7 {[%clk 0:34:09]} 36. h5 {[%clk 0:45:41]} Bc8 {[%clk 0:27:59]} 37. Kh4 {[%clk
0:44:59]} Bd7 {[%clk 0:27:31]} 38. Kg5 {[%clk 0:44:02]} Bc8 {[%clk 0:27:27]} 39.
Kh6 {[%clk 0:42:52]} Bd7 {[%clk 0:27:51]} 40. Bg5+ {[%clk 0:41:23]} Nf6 {[%clk
0:26:54]} 41. Bxf6+ {[%clk 0:41:36]} Kxf6 {[%clk 0:27:22]} 42. Nxd6 {[%clk
0:41:48]} Ke5 {[%clk 0:27:43]} 43. Nxf5 {[%clk 0:41:59]} Bxf5 {[%clk 0:27:54]}
44. Bxf5 {[%clk 0:42:18]} Kxf5 {[%clk 0:28:19]} 45. Kxh7 {[%clk 0:42:43]} Ke5
{[%clk 0:28:42]} 46. Kg6 {[%clk 0:43:08]} Kd4 {[%clk 0:29:04]} 47. d6 {[%clk
0:43:30]} Kxc4 {[%clk 0:29:32]} 48. d7 {[%clk 0:43:50]} Kb3 {[%clk 0:29:57]} 49.
d8Q {[%clk 0:44:08]} c4 {[%clk 0:30:21]} 50. Qb6+ {[%clk 0:44:30]} Kc2 {[%clk
0:30:44]} 51. h6 {[%clk 0:44:49]} c3 {[%clk 0:31:09]} 52. h7 {[%clk 0:45:05]} Kd1
{[%clk 0:31:35]} 53. Qd4+ {[%clk 0:45:29]} Ke2 {[%clk 0:31:56]} 54. Qxc3 {[%clk
0:45:53]} Kf2 {[%clk 0:32:22]} 55. h8Q {[%clk 0:46:10]} Kg2 {[%clk 0:32:46]} 56.
Qhh3+ {[%clk 0:46:33]} Kg1 {[%clk 0:33:11]} 57. Qe1# {[%clk 0:46:55]} 1-0

[Event "8th Vellmar Chess Days"]
[Site "chess24.com"]
[Date "2016.07.31"]
[Round "7"]
[White "Colbow, Collin"]
[Black "Henkemeier, Michael"]
[Result "1-0"]
[Board "36"]
[WhiteElo "1794"]
[WhiteCountry "GER"]
[WhiteFideId "16201132"]
[WhiteEloChange "14"]
[BlackElo "1942"]
[BlackCountry "GER"]
[BlackFideId "24611379"]
[BlackEloChange "-14"]

1. e4 {[%clk 1:26:45]} c6 {[%clk 1:30:53]} 2. d4 {[%clk 1:27:05]} d5 {[%clk
1:31:18]} 3. e5 {[%clk 1:27:22]} c5 {[%clk 1:31:41]} 4. dxc5 {[%clk 1:27:37]} e6
{[%clk 1:31:39]} 5. Be3 {[%clk 1:27:45]} Nh6 {[%clk 1:30:59]} 6. c3 {[%clk
1:27:16]} Nc6 {[%clk 1:14:42]} 7. Nf3 {[%clk 1:22:28]} Be7 {[%clk 1:10:47]} 8.
Nbd2 {[%clk 1:11:06]} Nf5 {[%clk 1:06:44]} 9. Bd4 {[%clk 1:09:58]} a5 {[%clk
1:06:23]} 10. Qa4 {[%clk 1:02:53]} Bd7 {[%clk 1:05:46]} 11. Bb5 {[%clk 0:59:39]}
O-O {[%clk 1:00:05]} 12. O-O {[%clk 0:57:38]} Qe8 {[%clk 0:44:44]} 13. Bxc6
{[%clk 0:47:33]} Bxc6 {[%clk 0:45:08]} 14. Qc2 {[%clk 0:45:17]} Bb5 {[%clk
0:44:42]} 15. Rfc1 {[%clk 0:40:54]} Qc6 {[%clk 0:42:41]} 16. a4 {[%clk 0:37:40]}
Be2 {[%clk 0:36:38]} 17. b4 {[%clk 0:34:59]} axb4 {[%clk 0:35:26]} 18. cxb4
{[%clk 0:34:17]} Qc7 {[%clk 0:34:07]} 19. Re1 {[%clk 0:32:03]} Nxd4 {[%clk
0:32:42]} 20. Nxd4 {[%clk 0:31:21]} Bh5 {[%clk 0:33:06]} 21. f4 {[%clk 0:25:22]}
Rfc8 {[%clk 0:26:13]} 22. Rec1 {[%clk 0:23:28]} Bg6 {[%clk 0:20:17]} 23. Qb3
{[%clk 0:19:33]} Qd7 {[%clk 0:18:22]} 24. Nb5 {[%clk 0:16:02]} f6 {[%clk
0:18:22]} 25. Nd6 {[%clk 0:13:37]} Rf8 {[%clk 0:15:18]} 26. Nf3 {[%clk 0:09:55]}
Bh5 {[%clk 0:13:57]} 27. Nd4 {[%clk 0:08:32]} fxe5 {[%clk 0:12:58]} 28. fxe5
{[%clk 0:08:46]} Rf4 {[%clk 0:12:36]} 29. N4b5 {[%clk 0:07:42]} Raf8 {[%clk
0:11:23]} 30. Rf1 {[%clk 0:06:46]} Bg6 {[%clk 0:07:23]} 31. Rxf4 {[%clk 0:06:04]}
Rxf4 {[%clk 0:07:47]} 32. Rf1 {[%clk 0:06:14]} Bg5 {[%clk 0:07:02]} 33. Rxf4
{[%clk 0:04:55]} Bxf4 {[%clk 0:07:27]} 34. Qc3 {[%clk 0:04:40]} Qc6 {[%clk
0:07:10]} 35. g3 {[%clk 0:03:43]} Bg5 {[%clk 0:07:31]} 36. Qf3 {[%clk 0:02:28]}
h6 {[%clk 0:06:30]} 37. Qg4 {[%clk 0:00:35]} Bc2 {[%clk 0:01:08]} 38. Qxe6+
{[%clk 0:00:33]} Kh7 {[%clk 0:01:29]} 39. Qc8 {[%clk 0:00:34]} Bxa4 {[%clk
0:01:35]} 40. Qxc6 {[%clk 0:00:37]} bxc6 {[%clk 0:01:43]} 41. Nc3 {[%clk
0:27:15]} Bb3 {[%clk 0:30:26]} 42. b5 {[%clk 0:15:30]} d4 {[%clk 0:15:55]} 43.
Nce4 {[%clk 0:12:12]} Be3+ {[%clk 0:13:50]} 44. Kf1 {[%clk 0:11:04]} cxb5 {[%clk
0:12:49]} 45. c6 {[%clk 0:06:43]} Be6 {[%clk 0:11:59]} 46. c7 {[%clk 0:06:12]} d3
{[%clk 0:06:49]} 47. c8Q {[%clk 0:04:57]} Bxc8 {[%clk 0:07:13]} 48. Nxc8 {[%clk
0:05:15]} b4 {[%clk 0:07:11]} 49. e6 {[%clk 0:04:19]} b3 {[%clk 0:04:41]} 50. e7
{[%clk 0:03:54]} b2 {[%clk 0:02:40]} 51. Nc3 {[%clk 0:03:56]} 1-0

[Event "8th Vellmar Chess Days"]
[Site "chess24.com"]
[Date "2016.07.31"]
[Round "7"]
[White "Kluempen, Andreas"]
[Black "Kanbach, Mike"]
[Result "1/2-1/2"]
[Board "37"]
[WhiteElo "1917"]
[WhiteTeam "SG Ennepe-Ruhr-Süd"]
[WhiteCountry "GER"]
[WhiteFideId "16226305"]
[WhiteEloChange "-1"]
[BlackElo "1867"]
[BlackTeam "SP Plesse Bovenden"]
[BlackCountry "GER"]
[BlackFideId "12974536"]
[BlackEloChange "1"]

1. c4 {[%clk 1:30:30]} e5 {[%clk 1:30:30]} 2. Nc3 {[%clk 1:30:30]} Nf6 {[%clk
1:30:30]} 3. Nf3 {[%clk 1:30:30]} Nc6 {[%clk 1:30:30]} 4. a3 {[%clk 1:30:30]} d5
{[%clk 1:30:30]} 5. cxd5 {[%clk 1:30:30]} Nxd5 {[%clk 1:30:30]} 6. Nxd5 {[%clk
1:30:30]} Qxd5 {[%clk 1:30:30]} 7. e3 {[%clk 1:30:30]} e4 {[%clk 1:30:30]} 8. Ng1
{[%clk 1:30:30]} Ne5 {[%clk 1:30:30]} 9. Qc2 {[%clk 1:30:30]} c6 {[%clk 1:30:30]}
10. b3 {[%clk 1:30:30]} Be6 {[%clk 1:30:30]} 11. b4 {[%clk 1:30:30]} Rd8 {[%clk
1:30:30]} 1/2-1/2

[Event "8th Vellmar Chess Days"]
[Site "chess24.com"]
[Date "2016.07.31"]
[Round "7"]
[White "Hansult, Manfred"]
[Black "Flach, Helene"]
[Result "1/2-1/2"]
[Board "39"]
[WhiteElo "1886"]
[WhiteTeam "SF Bad Herrenalb"]
[WhiteCountry "GER"]
[WhiteFideId "4677030"]
[WhiteEloChange "-5"]
[BlackElo "1712"]
[BlackTeam "SK Langen"]
[BlackCountry "GER"]
[BlackFideId "12929735"]
[BlackEloChange "5"]

1. d4 {[%clk 1:30:30]} d5 {[%clk 1:30:30]} 2. Nf3 {[%clk 1:30:30]} e6 {[%clk
1:30:30]} 3. e3 {[%clk 1:30:30]} Nf6 {[%clk 1:30:30]} 4. Bd3 {[%clk 1:30:30]} Be7
{[%clk 1:30:30]} 5. Nbd2 {[%clk 1:30:30]} O-O {[%clk 1:30:30]} 6. O-O {[%clk
1:30:30]} b6 {[%clk 1:30:30]} 7. Qe2 {[%clk 1:30:30]} Nbd7 {[%clk 1:30:30]} 8. e4
{[%clk 1:30:30]} dxe4 {[%clk 1:30:30]} 9. Nxe4 {[%clk 1:30:30]} Bb7 {[%clk
1:30:30]} 10. c3 {[%clk 1:30:30]} c5 {[%clk 1:30:30]} 11. dxc5 {[%clk 1:30:30]}
Nxc5 {[%clk 1:30:30]} 12. Nxc5 {[%clk 1:30:30]} Bxc5 {[%clk 1:30:30]} 13. Bg5
{[%clk 1:30:30]} h6 {[%clk 1:30:30]} 14. Bh4 {[%clk 1:30:30]} Be7 {[%clk
1:30:30]} 15. Rfd1 {[%clk 1:30:30]} Qc8 {[%clk 1:30:30]} 16. Rd2 {[%clk 1:30:30]}
Nd5 {[%clk 1:30:30]} 17. Bxe7 {[%clk 1:30:30]} Nxe7 {[%clk 1:30:30]} 18. Rad1
{[%clk 1:30:30]} Nd5 {[%clk 1:30:30]} 19. g3 {[%clk 1:30:30]} Qc7 {[%clk
1:30:30]} 20. Ba6 {[%clk 1:30:30]} Bxa6 {[%clk 1:30:30]} 1/2-1/2